[Event "DSOL 04 Liga Gr-A 1st"]
[Site "Playchess.com INT"]
[Date "2020.07.22"]
[Round "5.1"]
[White "Schwilk, Michael"]
[Black "Esfehanian, Luca"]
[Result "0-1"]
[WhiteElo "1948"]
[BlackElo "1859"]
[PlyCount "112"]
[EventDate "2020.06.22"]
[EventType "team-tourn (rapid)"]
[EventCountry "GER"]
[SourceTitle "EXT 2021"]
[Source "ChessBase"]
[SourceDate "2020.10.23"]
[SourceVersion "1"]
[SourceVersionDate "2020.10.23"]
[SourceQuality "1"]
[WhiteTeam "Plochingen"]
[BlackTeam "Paderborn Blauer Springer II"]
[WhiteTeamCountry "GER"]
[BlackTeamCountry "GER"]

1. d4 e6 2. e4 d5 3. Nc3 Nf6 4. e5 Nfd7 5. f4 c5 6. Nf3 Nc6 7. Be3 Qb6 8. Na4 Qa5+ 9. c3 cxd4 10. b4 Qc7 11. Nxd4 Nxd4 12. Bxd4 Be7 13. Bd3 0-0 14. Qh5 g6 15. Qh6 Rd8 16. h4 Nb6 17. Nxb6 axb6 18. h5 Bf8 19. Qg5 Bg7 20. g4 Kf8 21. hxg6 hxg6 22. Kd2 Re8 23. Rh7 Qd8 24. Qxd8 Rxd8 25. Bxb6 Rd7 26. Bb5 Kg8 27. Rh2 Re7 28. Bd8 Rd7 29. Bxd7 Bxd7 30. Bc7 Rc8 31. Bd6 Rc4 32. Rf2 g5 33. Raf1 d4 34. fxg5 dxc3+ 35. Kc1 Rxg4 36. Rxf7 Bc6 37. Kc2 Rg3 38. Re7 Be4+ 39. Kc1 Rg2 40. Re8+ Kh7 41. Ra8 Kg6 42. Ra3 Rc2+ 43. Kd1 Bd3 44. Rf3 Rd2+ 45. Ke1 Re2+ 46. Kf1 Rd2+ 47. Ke1 Re2+ 48. Kd1 c2+ 49. Kc1 Re1+ 50. Kd2 c1Q+ 51. Kxd3 Rd1+ 52. Ke4 Qc4+ 53. Ke3 Re1+ 54. Kf2 Qf1+ 55. Kg3 Qg1+ 56. Kf4 Qxg5# 0-1